000 00404nam a2200157 a 4500
008 150608s2002|||| d
100 1 _aLisý Ján a kol.
245 1 0 _aEkonómia - všeobecná ekonomická teória
250 _a4. vydanie
300 _a508 s.
020 _a80-89047-35-1
_c0
041 _aslo
044 _axo
_cSK
260 _bIURA EDITION s.r.o.
_aBratislava
_c2002
958 _aAPR
999 _c20857
_d20857